000 00432cam a2200193ua 4500
001 8880
008 150216n ii |||gr||||Z||||||eng
020 _a0333931203
040 _cMAIN
041 _aeng
082 _a823
100 _aHilton, J.,
_eAuthor.
245 1 _aLost horizon
_cBy James Hilton
250 _a1st.
260 _aNew Delhi:
_bMacmillan,
_c1998.
300 _a100p.
653 _aEnglish fiction
942 _cBK
999 _c7974
_d7974